[Event "CZE-ch Betsys Online Blitz"]
[Site "Chess.com INT"]
[Date "2021.04.17"]
[Round "5"]
[White "Dudarec, Elias"]
[Black "Kolomaznik, Jan"]
[Result "0-1"]
[WhiteElo "1254"]
[BlackElo "1894"]
[PlyCount "45"]
[EventDate "2021.04.17"]
[EventType "swiss (blitz)"]
[EventRounds "13"]
[EventCountry "CZE"]
[SourceTitle "CBM 201 Extra"]
[Source "ChessBase"]
[SourceDate "2021.05.31"]
[SourceVersion "1"]
[SourceVersionDate "2021.05.31"]
[SourceQuality "1"]

1. e4 c6 2. d4 d5 3. exd5 cxd5 4. Nc3 Nf6 5. Nf3 Nc6 6. Bf4 a6 7. h3 Bf5 8. Bd3 Bg6 9. Qd2 e6 10. a3 Rc8 11. 0-0 Bd6 12. Rfe1 0-0 13. Bxd6 Qxd6 14. Qe3 b5 15. b4 Qc7 16. Bxg6 hxg6 17. Qg5 Nxd4 18. Nxd4 Qxc3 19. Rad1 Ne4 20. Qg4 Rc4 21. Nxe6 Nxf2 22. Qh4 Rxh4 23. Nxf8 0-1

[Event "CZE-ch Betsys Online Blitz"]
[Site "Chess.com INT"]
[Date "2021.04.17"]
[Round "6"]
[White "Kolomaznik, Jan"]
[Black "Jares, Michal"]
[Result "0-1"]
[WhiteElo "1894"]
[BlackElo "1967"]
[PlyCount "118"]
[EventDate "2021.04.17"]
[EventType "swiss (blitz)"]
[EventRounds "13"]
[EventCountry "CZE"]
[SourceTitle "CBM 201 Extra"]
[Source "ChessBase"]
[SourceDate "2021.05.31"]
[SourceVersion "1"]
[SourceVersionDate "2021.05.31"]
[SourceQuality "1"]

1. d4 Nf6 2. Nf3 e6 3. Bf4 b6 4. e3 Bb7 5. c4 Bb4+ 6. Nbd2 0-0 7. Bd3 Ne4 8. a3 Bxd2+ 9. Nxd2 f5 10. f3 Nxd2 11. Qxd2 d6 12. b4 Nd7 13. 0-0 Qe7 14. e4 fxe4 15. fxe4 e5 16. Bg5 Qe6 17. d5 Qg6 18. Rxf8+ Rxf8 19. Rf1 Rxf1+ 20. Kxf1 h6 21. Bd8 Nf6 22. Qe2 Qf7 23. Bxf6 Qxf6+ 24. Qf3 Qxf3+ 25. gxf3 Kf7 26. Kf2 Kf6 27. Kg3 Bc8 28. f4 exf4+ 29. Kxf4 g5+ 30. Ke3 Ke5 31. Be2 Bd7 32. Bd1 Be8 33. Be2 Bg6 34. Bd3 h5 35. a4 a5 36. bxa5 bxa5 37. Be2 h4 38. Bf3 Be8 39. Be2 Bd7 40. Bd3 g4 41. Be2 g3 42. hxg3 hxg3 43. Bf3 Bxa4 44. c5 dxc5 45. Bg2 Bc2 46. Kf3 Bxe4+ 47. Kxg3 Bxg2 48. Kxg2 Kxd5 49. Kf2 a4 50. Ke1 a3 51. Kd2 a2 52. Kc1 a1Q+ 53. Kc2 Qd4 54. Kb3 Qd3+ 55. Kb2 c4 56. Kc1 Qe2 57. Kb1 Kd4 58. Kc1 Kc3 59. Kb1 Qb2# 0-1

[Event "CZE-chT2c 0405"]
[Site "Czech Republic"]
[Date "2005.02.06"]
[Round "7.7"]
[White "Kolomaznik, Jan"]
[Black "Crha, Pavel"]
[Result "1/2-1/2"]
[WhiteElo "1996"]
[BlackElo "2033"]
[PlyCount "93"]
[EventDate "2004.10.17"]
[EventType "team"]
[EventRounds "11"]
[EventCountry "CZE"]
[SourceTitle "EXT 2007"]
[Source "ChessBase"]
[SourceDate "2006.11.23"]
[SourceVersion "1"]
[SourceVersionDate "2006.11.23"]
[SourceQuality "1"]
[WhiteTeam "Kutna Hora"]
[BlackTeam "Mlada Boleslav"]
[WhiteTeamCountry "CZE"]
[BlackTeamCountry "CZE"]

1. d4 d5 2. Nf3 Nf6 3. Bf4 e6 4. e3 c5 5. c3 Nc6 6. Bb5 Bd7 7. Nbd2 Be7 8. h3 0-0 9. 0-0 Nxd4 10. Nxd4 cxd4 11. Bxd7 dxe3 12. Ba4 exd2 13. Qxd2 Bd6 14. Be3 Ne4 15. Qd3 Bc5 16. Bc2 Qb6 17. Bxc5 Qxc5 18. Kh2 g6 19. f3 Nd6 20. Rfe1 Rac8 21. Bb3 Nc4 22. Re2 Rfd8 23. Rd1 b5 24. h4 h5 25. g4 hxg4 26. fxg4 Kg7 27. Rf1 Rh8 28. Kh3 Qe7 29. Qg3 Rxh4+ 30. Qxh4 Rh8 31. Qxh8+ Kxh8 32. Bxc4 bxc4 33. Ref2 Kg7 34. g5 Kf8 35. Rf6 Ke8 36. Kg4 Qb7 37. R1f2 Qc7 38. Rf1 Qb7 39. R1f2 d4 40. Rxf7 Qe4+ 41. R7f4 Qb1 42. Rxd4 Qg1+ 43. Kf3 Qxg5 44. Rxc4 Qd5+ 45. Re4 Qd3+ 46. Re3 Qd5+ 47. Re4 1/2-1/2